[Event "POL-chT 1st League"]
[Site "Dzwirzyno"]
[Date "2019.09.08"]
[Round "2.1"]
[White "Tomaszewski, Roman"]
[Black "Kelm, Robert"]
[Result "1-0"]
[WhiteElo "2195"]
[BlackElo "1585"]
[PlyCount "105"]
[EventDate "2019.09.07"]
[EventType "team-tourn"]
[EventRounds "9"]
[EventCountry "POL"]
[SourceTitle "EXT 2020"]
[Source "ChessBase"]
[SourceDate "2019.10.17"]
[SourceVersion "1"]
[SourceVersionDate "2019.10.17"]
[SourceQuality "1"]
[WhiteTeam "Czestochowa Hetman"]
[BlackTeam "Lodz Okucia Budowlane"]
[WhiteTeamCountry "POL"]
[BlackTeamCountry "POL"]

1. d4 Nf6 2. c4 e6 3. Nf3 d5 4. Qc2 Bb4+ 5. Nbd2 Ne4 6. e3 0-0 7. a3 Bxd2+ 8. Nxd2 f5 9. g3 a5 10. b3 Nd7 11. cxd5 exd5 12. Bd3 Rf6 13. f3 Nxd2 14. Bxd2 Nb6 15. a4 Qd6 16. Rc1 c6 17. Qc5 Qxc5 18. Rxc5 Be6 19. Rxa5 Rff8 20. Kf2 Kf7 21. Rxa8 Rxa8 22. h3 Nd7 23. g4 g6 24. Bb4 h6 25. Bd6 Nf6 26. Be5 Bd7 27. Bf4 Ng8 28. Kg3 Rc8 29. Rc1 Ra8 30. Rf1 Rc8 31. Rg1 Ra8 32. Rg2 Rc8 33. Rf2 Ra8 34. h4 Ke7 35. h5 fxg4 36. hxg6 gxf3 37. Rxf3 Be6 38. Be5 Rc8 39. Kh4 c5 40. dxc5 Rxc5 41. Bb2 Rc8 42. Ba3+ Kd7 43. Bb5+ Kc7 44. Bc5 b6 45. Ba3 Rd8 46. Rf7+ Kb8 47. Rg7 d4 48. Bb2 Bxb3 49. Bxd4 Rf8 50. Be5+ Kc8 51. Ba6+ Kd8 52. Bc7+ Ke8 53. Bb5# 1-0

[Event "POL-chT 1st League"]
[Site "Dzwirzyno"]
[Date "2019.09.07"]
[Round "1.5"]
[White "Kokoszczynski, Jan"]
[Black "Kelm, Robert"]
[Result "1-0"]
[WhiteElo "2289"]
[BlackElo "1585"]
[PlyCount "63"]
[EventDate "2019.09.07"]
[EventType "team-tourn"]
[EventRounds "9"]
[EventCountry "POL"]
[SourceTitle "EXT 2020"]
[Source "ChessBase"]
[SourceDate "2019.10.17"]
[SourceVersion "1"]
[SourceVersionDate "2019.10.17"]
[SourceQuality "1"]
[WhiteTeam "Chylice Laura"]
[BlackTeam "Lodz Okucia Budowlane"]
[WhiteTeamCountry "POL"]
[BlackTeamCountry "POL"]

1. d4 d5 2. c4 dxc4 3. Nf3 Nf6 4. e3 e6 5. Bxc4 c5 6. 0-0 a6 7. a4 Nbd7 8. Nc3 Be7 9. Qe2 cxd4 10. exd4 Nb6 11. Bb3 0-0 12. Re1 h6 13. Bf4 Nbd5 14. Be5 Bb4 15. Qd3 Ba5 16. Nd2 Nxc3 17. bxc3 Bc7 18. f4 Bd7 19. Bc2 g6 20. Re3 Kh7 21. Rg3 Rg8 22. Rf1 Rc8 23. Nf3 Rg7 24. Rh3 h5 25. Bxf6 Qxf6 26. Ne5 Be8 27. Rxh5+ Kg8 28. Rh6 b5 29. Qh3 Kf8 30. Ng4 Qd8 31. Rh8+ Ke7 32. Qh6 1-0